00482nam a2200181 a 450000100060000000300090000600800410001502000150005604000280007108200090009910000180010824500380012626000330016430000070019765000320020465000350023665000290027121555CO-ViMGA141112s2004 ck r 000 u spa d a8495040824 aCO-ViMGAbspacCO-ViMGA04aMAYs1 aMayhew, James10aCarlota y las semillas de girasol abarcelona : bSerres, c2004 a3214aCUENTOS INFANTILES INGLESES14aLIBROS ILUSTRADOS PARA NIÑOS14aMUSICOS EN LA LITERATURA